000 00408nam a2200145Ia 4500
008 090124s9999 xx 000 0 und d
082 _b134856
245 _a रती नीती कथा
250 _a1
260 _bटिळेकर चंद्रसेन
_c2007
300 _a215
630 _a रती नीती कथा
730 _a रती नीती कथा
942 _cBOOK
999 _c194896
_d194896